Movies Quiz

Random Movies or Animation Quiz

Four Word Film Reviews (Animated) Quiz Stats

 Plays Quiz Updated Oct 17, 2020

Support Sporcle.
Go Orange.
Score 0/36 Timer 10:00
1 Play Today
Review Animated film % Correct
The Mirror predicts Snow.Snow White & The Seven Dwarfs
96.1%
This is spaniel, Tramp!Lady & The Tramp
90.8%
Rhythm and Baloo.The Jungle Book
84.3%
Saved by the Belle.Beauty & The Beast
81%
Today's Gnus: Mufasa trampled.The Lion King
80.8%
Shoe must go on!Cinderella
79.8%
Mickey sweeps to stardom.Fantasia
79.1%
Former Forrest now Woody.Toy Story
78.4%
Two infinity and beyond!Toy Story 2
77.2%
Prince braves morning breath.Sleeping Beauty
73.5%
All Cat Jazz!The Aristocats
71.5%
Disney makes a buck.Bambi
71.5%
Jane falls for swinger.Tarzan
69.1%
Disney's ChinatoonMulan
66.1%
Heaven Can(ine) Wait.All Dogs Go To Heaven
65.9%
You're a knotty boy!Pinocchio
65.3%
Flock of sea-gals.The Little Mermaid
63.4%
Lass Of The Mohicans?Pocahontas
63.4%
Review Animated film % Correct
From Rugs to Riches.Aladdin
61.9%
Ant elopes.Antz
60.3%
My Best Friend's Webbing.Charlotte's Web
58.1%
Animation 101.One Hundred & One Dalmatians
57.7%
Olympian shows bronzed mettle.Hercules
56.5%
Flik flick.A Bug's Life
53.5%
'Incredible Journey' for appliances.The Brave Little Toaster
41.2%
Constant-teen.Peter Pan
38.8%
Micey Orphan Power Rangers.The Rescuers
36.2%
Party of Fievel.An American Tail
34.8%
Big Fe ET.Iron Giant
25%
Water Beatles.Yellow Submarine
24.3%
The Toon Commandments.The Prince Of Egypt
21.6%
Tetsuo experiences growing pains.Akira
7.4%
Parents dis cussing kids.South Park: Bigger, Longer And Uncut
6.5%
Bakshi's kitty porn.Fritz The Cat
6.2%
Broad Pit.James & The Giant Peach
5%
Bread, jobs 'n' broomsticks.Kiki's Delivery Service
3.8%

From the Vault

Celebrity Sorting III

by WalshyMusic

Cel3brity Sorting: Tokyo Drift
Remove Ads.
Support Sporcle.
Get the best of Sporcle when you Go Orange. This ad-free experience offers more features, more stats, and more fun while also helping to support Sporcle. Thank you for becoming a member.

Show Comments

Extras

Top Quizzes Today


Score Distribution

Your Account Isn't Verified!

In order to create a playlist on Sporcle, you need to verify the email address you used during registration. Go to your Sporcle Settings to finish the process.

Report this User

Report this user for behavior that violates our Community Guidelines.

Details: